Large Countries with Lots of People - Statistics

General Stats
  • This quiz has been taken 228 times
  • The average score is 16 of 20
Answer Stats
Rank Country % Correct
2 China
100%
3.5 United States
99%
4.5 India
98%
5 Russia
97%
5 Brazil
96%
12 Mexico
90%
9 Indonesia
85%
19.5 Argentina
84%
21.5 Egypt
84%
20 Canada
83%
19.5 Pakistan
83%
24 South Africa
83%
13.5 DR Congo
79%
19 Nigeria
79%
17.5 Iran
74%
21 Algeria
71%
19 Ethiopia
70%
27 Colombia
68%
26 Saudi Arabia
66%
24.5 Sudan
54%
No matching quizzes found
Score Distribution
Percent of People with Each Score
Percentile by Number Answered
Your Score History
You have not taken this quiz